00450nam a22001577a 4500003000400000005001700004008004100021020001800062082004800080100002200128245004400150250000900194260004200203300003000245490001700275OSt20260415113249.0260415b |||||||| |||| 00| 0 eng d a9781471535000 29781471535000a9781471535000b9781471535000 aPerfect Paperback aOn Screen 3 - Workbook And Grammar Book a1RA  aE.E U.Ub‎ Express Publishingc2015 a115 pagc 27,6 x 21,6 cm. 3tapa blanda